La cuestin̤ del espacio en la filosofa̕ de Michel Foucault

Bibliographic Details
Main Author: Perea Acevedo, Adriǹ Još
Format: eBook
Language:Spanish
Published: Bogot:̀ Pontificia Universidad Javeriana, 2013
Subjects:
Online Access:Acceso restringido

MARC

LEADER 00000nam a22000007a 4500
005 20201216002657.0
007 cr|||| ||||
008 201216s2013 co |||||s|||| 00||0 spa d
020 |a 978-958-716-635-4 
035 |a 32321 
040 |a vLex 
090 |c 10964  |d 10964 
100 1 |a Perea Acevedo, Adriǹ Još 
245 1 2 |a La cuestin̤ del espacio en la filosofa̕ de Michel Foucault  |h [Recurso electrn̤ico] /  |c Adriǹ Jos ̌Perea Acevedo 
256 |a Servicio en ln̕ea 
260 |a Bogot:̀  |b Pontificia Universidad Javeriana,  |c 2013 
300 |a 1 recurso electrn̤ico 
500 |a Este libro analiza las relaciones entre el espacio y el sujeto en la filosofa̕ de Michel Foucault. Para ello, parte de una definicin̤ espacial de la subjetividad: el sujeto sera̕ un conjunto de lm̕ites de la accin̤. Producidos histr̤icamente, reducen las posibilidades del sujeto. A su vez, dichos lm̕ites sera̕n susceptibles de hacerse visibles desde una modalidad espacial de la crt̕ica, en třminos de una -geometra̕ ficcional- de las dimensiones que se entrecruzan. Estas son, segn︢ Foucault: espacialidad del discurso y del saber, del campo de procedimientos de gobiernos y del campo de posibilidad de la constitucin̤ de la conducta moral. 
506 1 |a Disponible solo en los productos indicados  |d vLex Global  |d vLex Global (Academic Edition, excluding Law Schools)  |d vLex Global (U.S. Academic Edition, Law Schools)  |d vLex Global (U.S. Academic Edition, excluding Law Schools)  |d vLex Global (Academic Edition, Law Schools) 
650 0 4 |a Ciencias sociales  |z Colombia 
650 0 4 |a Filosofa̕ y religin̤  |z Colombia 
740 0 |a vLex Libros (Servicio en ln̕ea) 
856 4 0 |u http://vlex.com/source/cuestion-del-espacio-en-la-filosofia-de-michel-foucault-32321  |z Acceso restringido 
942 |c BOOK 
999 0 |a Social Sciences 
999 0 |a Philosophy and religion